000 00878nam a2200217 a 4500
001 47347
003 BD-RjUL
005 20211209054311.0
008 160808s2001 bg a|||| |||| 00| 0 ben d
035 _a(BD-RjUL)47466
040 _aBD-RjUL
_beng
_cBD-RjUL
041 _aeng
082 _a320.9
_bRAJ 2001
100 _aরহমান, মুজিবুর
_9144076
245 1 0 _aজামায়াতের সংসদীয় ইতিহাস ১৯৮৬-২০০০ /
_cমুজিবুর রহমান
260 _aঢাকা :
_bজামায়াতে ইসলামী বাংলাদেশ,
_c২০০১
300 _a৩৪৬ পৃ. :
_bচিত্র ;
_c২০ সেমি.
650 _aরাজনীতি ও সরকার
_xইতিহাস
_9144077
650 _a Politics and government
_xHistory
_9144078
942 _2ddc
_cBK
999 _c47347
_d47347